Nijinsky / (Record no. 122905)

MARC details
000 -LEADER
campo de control de longitud fija 00638nam a2200205 i 4500
001 - NÚMERO DE CONTROL
campo de control 122905
003 - IDENTIFICADOR DE NÚMERO DE CONTROL
campo de control ES-MaACL
005 - FECHA Y HORA DE LA ÚLTIMA TRANSACCIÓN
campo de control 20260617125145.0
007 - CAMPO FIJO DE DESCRIPCIÓN FÍSICA--INFORMACIÓN GENERAL
campo de control de longitud fija t|
008 - DATOS DE LONGITUD FIJA--INFORMACIÓN GENERAL
campo de control de longitud fija 070214s1934 fr r ||||0| fre d
100 1# - ENTRADA PRINCIPAL--NOMBRE DE PERSONA
Nombre de persona Pulszky, Romola.
9 (RLIN) 94388
245 10 - MENCIÓN DEL TÍTULO
Título Nijinsky /
Mención de responsabilidad, etc. Romola Pulszky; traduit de l'anglais par Pierre Dutray ; avec une preface de Paul Claudel.
260 ## - PUBLICACIÓN, DISTRIBUCIÓN, ETC.
Lugar de publicación, distribución, etc. Paris :
Nombre del editor, distribuidor, etc. Denoel et Steele,
Fecha de publicación, distribución, etc. 1934.
300 ## - DESCRIPCIÓN FÍSICA
Extensión 425 p ;
Dimensiones 22 cm.
600 14 - PUNTO DE ACCESO ADICIONAL DE MATERIA--NOMBRE DE PERSONA
Nombre de persona Nijinsky, Vatzlav Fómich.
9 (RLIN) 85740
700 1# - ENTRADA AGREGADA--NOMBRE PERSONAL
Nombre de persona Dutray, Pierre.
9 (RLIN) 46359
700 ## - ENTRADA AGREGADA--NOMBRE PERSONAL
Nombre de persona Claudel, Paul,
Fechas asociadas al nombre 1868-1955
9 (RLIN) 239252
852 ## - LOCALIZACIÓN
Ubicación ES-MaACL
Número de control de estantería A-2518
Holdings
Estatus retirado Estado de pérdida Estado de daño No para préstamo Biblioteca de origen Biblioteca actual Ubicación en estantería Fecha de adquisición Fuente de adquisición Total de préstamos Signatura topográfica completa Código de barras Visto por última vez Precio de reemplazo Tipo de ítem Koha
        Biblioteca del Ateneo de Madrid Biblioteca del Ateneo de Madrid Sala Pecera Planta 1 17/01/2008     A-2518 1128070 23/02/2023 23/02/2023 Libro impreso